000 00501nam a22001817a 4500
003 CEME
005 20210628205047.0
008 201230b xxu||||| |||| 00| 0 eng d
020 _a9788131713839
040 _cceme
082 _a621.3848 EDD
100 _aEdde, Byron
_964275
245 _aRadar principles, technology, applicaitons
260 _aINDIA
_bPEARSON EDUCATION
_c2007
300 _a731P
650 _aRADAR PRINCIPLES.RADAR APPLICAITONS. RADAR APPLICAITONS
_973695
942 _cBK
_2ddc
999 _c579349
_d579349